Cultural unity of India / (Record no. 78255)

MARC details
000 -LEADER
fixed length control field 00581nam a22001937a 4500
005 - DATE AND TIME OF LATEST TRANSACTION
control field 20130807145106.0
010 ## - LCCN (DPL NO)
LC control number ENG-108255
020 ## - INTERNATIONAL STANDARD BOOK NUMBER
Terms of availability 250.00
International Standard Book Number 9789381325209
035 ## - SYSTEM CONTROL NUMBER
System control number EN-91788
037 ## - SOURCE OF ACQUISITION
Source of stock number/acquisition DBAD/PUB
082 ## - DEWEY DECIMAL CLASSIFICATION NUMBER
Classification number 954
245 ## - TITLE STATEMENT
Title Cultural unity of India /
Statement of responsibility, etc edited by Sabyasachi Bhattacharya
260 ## - PUBLICATION, DISTRIBUTION, ETC. (IMPRINT)
Place of publication, distribution, etc Kolkata
Name of publisher, distributor, etc Ramakrishna Mission
Date of publication, distribution, etc 2013
270 ## - ADDRESS
Address Institute of Culture Gol Park
City Kolkata
Postal code 700029
300 ## - PHYSICAL DESCRIPTION
Extent xli,478p. :
Dimensions 20cm(Hb)
Other physical details ill.
500 ## - GENERAL NOTE
General note Includes index
700 ## - ADDED ENTRY--PERSONAL NAME
Personal name Bhattacharya, Sabyasachi
942 ## - ADDED ENTRY ELEMENTS (KOHA)
Source of classification or shelving scheme Dewey Decimal Classification
Item type English Books
Call number suffix CUL
Classification part 954
Holdings
Withdrawn status Lost status Not for loan Collection code Home library Current library Date acquired Source of acquisition Cost, normal purchase price Full call number Barcode Copy number Cost, replacement price Koha item type
    Not For Loan Non-fiction D.B.Act.Division D.B.Act.Division 31/07/2013 DBAD/PUB 250.00 954 CUL EN-91788 1 250.00 English Books

© Delhi Public Library
Hit Counter
free hit counter